000 00357nam a2200133Ia 4500
008 231129s2000||||xx |||||||||||||| ||spa||
020 _a1-56259-032-4
040 _bspa
082 _aR 036 A445 2001
245 0 _aAlmanaque mundial 2001: hacia un nuevo siglo
260 _c2000
264 _aTelevisa
942 _2ddc
_cBKS
999 _c4840
_d4840